|
|
|
|
| LEADER |
00000nem a2200000 a 4500 |
| 001 |
vtls001286556 |
| 003 |
SK-MaSNL |
| 005 |
20260425224901.0 |
| 007 |
aj cazzn |
| 008 |
151004s1997 xo a 0 slo |
| 015 |
|
|
|a SNBC1997/03-01388
|
| 020 |
|
|
|a 8080421250
|
| 035 |
|
|
|a SNK000238105
|
| 035 |
|
|
|a urn:nbn:sk:snk-em003g8d
|
| 035 |
|
|
|a A5D58E9C-75E6-4A79-B0E3-69833E00BE59
|
| 035 |
|
|
|a urn:nbn:sk:snk-emtd5m
|
| 040 |
|
|
|a SNK
|b slo
|c SNK
|e AACR2
|
| 041 |
0 |
|
|a slo
|
| 043 |
|
|
|a e-xo---
|
| 044 |
|
|
|a xo
|c SK
|
| 080 |
|
|
|a 35.07(437.6)(084.3)
|2 1981
|
| 245 |
0 |
0 |
|a Slovenská republika
|h kartografický dokument
|b mapa územného a správneho usporiadania
|
| 255 |
|
|
|a Mierka 1:1 000 000
|
| 260 |
|
|
|a Harmanec
|b Vojenský kartografický ústav
|c 1997
|
| 300 |
|
|
|a 1 mapa
|b fareb.
|c 28 x 53 cm
|
| 500 |
|
|
|a Obsahuje graf. mierku, inform., vysvetl.
|
| 650 |
0 |
7 |
|a správne obvody
|2 SNK
|9 98129
|
| 651 |
|
7 |
|a Slovensko
|2 SNK
|9 14231
|
| 655 |
|
7 |
|a tematické mapy
|2 SNK
|9 291749
|
| 655 |
|
7 |
|a politické mapy
|2 SNK
|9 291750
|
| 919 |
|
|
|a 80-8042-125-0
|
| 923 |
|
|
|a administratívna
|b skladaná
|c pre verejnosť
|
| 954 |
|
|
|a mapy pôvodné (slovenské)
|2 lita
|
| 958 |
|
|
|a TL
|
| 999 |
|
|
|c 628463
|d 630393
|
| 952 |
|
|
|t P60, <09>, [BOOK], {629}
|a SNK
|b SNK
|y NEVYP
|7 0
|o snkB 594
|i snk2205/970520
|0 0
|1 0
|4 0
|d 1997-05-19
|l 0
|r 2005-01-02 00:00:00
|w 2026-02-23
|
| 952 |
|
|
|t P60, <03>, [BOOK], {603}
|a SNK
|b SNK
|y PREZ
|7 0
|p 17A0066726
|o snkSLCm 1913
|i snkKSP 4941/97
|0 0
|1 0
|4 0
|d 1997-05-19
|l 0
|r 2005-01-02 00:00:00
|w 2026-02-23
|
| 952 |
|
|
|t P60, <04>, [BOOK], {604}
|a SNK
|b SNK
|y VYP
|7 0
|p 17A0066725
|o snkSLCm 1913 D1
|i snkKSP 4942/97
|0 0
|1 0
|4 0
|d 1997-05-19
|f 1
|l 0
|r 2005-01-02 00:00:00
|w 2026-02-23
|